Federal Republic of Germany (Record no. 2119)

000 -LEADER
fixed length control field 00626nam a2200133 a 4500
008 - FIXED-LENGTH DATA ELEMENTS--GENERAL INFORMATION
fixed length control field 940722s1952 pauac 000 0 eng d
100 ## - MAIN ENTRY--AUTHOR'S NAME
Author's Name National Philatelic Museum
245 00 - TITLE STATEMENT
Title Federal Republic of Germany
Remainder of title organized jointly by the government of the Federal Republic of Germany and the National Philatelic Museum : November 15-December 15, 1952, National Philatelic Museum.
260 ## - PUBLICATION, DISTRIBUTION, ETC. (IMPRINT)
Place of publication, distribution, etc. Philadelphia, Pa. :
Name of publisher, distributor, etc. National Philatelic Museum,
Date of publication, distribution, etc. [1952]
490 0# - SERIES STATEMENT
Series statement National Philatelic Museum ;
Volume/sequential designation v. 4, no. 3
500 ## - GENERAL NOTE
General note Cover title: Federal Republic of Germany.
650 #0 - TOPICAL TERM (Tag)
Topical term or geographic name Postage stamps
Geographic subdivision Germany
Holdings
Withdrawn status Lost status Source of classification or shelving scheme Damaged status Koha normalized classification for sorting Not for loan Collection code Permanent Location Current Location Shelving location Date acquired Total Checkouts Full call number Barcode Date last seen Price effective from Koha item type
        P3200 A11 N27774     Northern Philatelic Library Northern Philatelic Library Bound Periodicals 11/19/2016   P3200 A11 N27774 1002459 11/19/2016 11/19/2016 Periodicals

Powered by Koha